[Event "18th Prague Open-A 2019"]
[Site "Prague"]
[Date "2019.01.15"]
[Round "6"]
[White "Zhang, Ziji"]
[Black "Pechac, Jergus"]
[Result "1-0"]
[WhiteElo "2387"]
[BlackElo "2472"]
[Annotator "TA"]
[PlyCount "77"]
[EventDate "2019.01.11"]
[EventType "swiss"]
[EventCountry "CZE"]
[SourceTitle "playchess.com"]
[Source "ChessBase"]
[SourceQuality "1"]

{[%evp 20,77,112,84,97,66,88,95,96,70,79,71,148,162,157,75,58,31,112,115,106,110,166,25,38,22,127,120,181,0,0,0,178,147,200,220,218,199,404,414,392,436,332,264,410,426,427,420,396,392,396,396,1435,777,29989,29990,29993,1136,1091,1129]} 1. d4 d6 2. e4 Nf6 3. Nc3 g6 4. Nf3 Bg7 5. Be2 O-O 6. O-O a6 7. Re1 b5 {B08: Pirc Defence: Classical System} (7... Nc6 8. d5 Na7 9. a4 e6 10. Be3 Re8 11. Bf1 exd5 12. exd5 Bg4 13. h3 Bxf3 14. Qxf3 Nd7 15. Re2 Nc8 {½-½ (62) Fressinet,L (2662)-Aronian,L (2805) Riadh 2017}) 8. e5 Ne8 9. a4 b4 10. Nd5 Nc6 11. Bf4 {LiveBook: 3 Games} Bb7 12. Ne3 $146 ({Predecessor:} 12. Qd2 Nxd4 13. Qxd4 dxe5 14. Nxe7+ Qxe7 15. Bxe5 {0-1 (52) Ragger,M (2698)-Petrosian,T (2625) Berlin 2015}) 12... Na5 13. Ng4 c5 14. dxc5 dxc5 15. Qc1 Qd5 ({Better is} 15... Qd7 16. h3 Nc7) 16. Bh6 $1 $16 Nc6 17. Bxg7 (17. Qg5 $142) 17... Nxg7 18. Bd3 Ne6 (18... Nd4 $1 $14 19. Be4 Nxf3+ 20. Bxf3 Qd7) 19. Be4 Qd7 20. c3 $1 h5 (20... bxc3 $16 21. bxc3 Na5) 21. Rd1 (21. Nh6+ $1 $18 Kg7 22. Ng5) 21... Qc8 $11 22. Ne3 $1 {[%cal Re3d5] Nd5 is the strong threat.} Nf4 (22... Kg7 $11 {keeps the balance.}) 23. Kh1 $16 Kh7 (23... Rd8 $16) 24. Nc4 Qg4 {[%csl Gf4][%cal Rg4g2]} 25. Ne3 $36 {[%mdl 2048] White is pushing.} Qc8 26. cxb4 Nxb4 {[#]} (26... cxb4 $16 27. Qc4 Nd8) 27. Bxb7 $1 $18 Qxb7 {[#]} 28. Nf5 $1 {[%mdl 512]} Qc8 $2 (28... Nbd5 {was called for.}) (28... gxf5 29. Qxf4) 29. e6 ({Not} 29. Qxf4 Qxf5 30. Qxf5 gxf5 $11) 29... gxf5 30. Qxf4 fxe6 31. Qh4 Rf6 (31... Qe8 $142 32. Ng5+ Kh8) 32. Qxh5+ Kg7 33. Qg5+ Kh8 34. Qh4+ Kg7 35. Ne5 Qe8 $2 (35... Qh8 36. Qg5+ Kh7) 36. Qg5+ Kh7 37. Ra3 Rh6 38. Rd7 (38. Rh3 $142 Rxh3 39. gxh3 Qf7 40. Nxf7 Nd3 41. Rxd3 f4 42. Rd1 f3 43. Rg1 Rf8 44. Qh6#) 38... Nd5 {[#]} 39. Rxd5 $1 {[%mdl 512] Accuracy: White = 57%, Black = 17%.} 1-0

[Event "18th Prague Open-A 2019"]
[Site "Prague"]
[Date "2019.01.15"]
[Round "6"]
[White "Vokac, Marek"]
[Black "Wiley, Thomas"]
[Result "1-0"]
[WhiteElo "2380"]
[BlackElo "2186"]
[Annotator "TA"]
[PlyCount "115"]
[EventDate "2019.01.11"]
[EventType "swiss"]
[EventCountry "CZE"]
[SourceTitle "playchess.com"]
[Source "ChessBase"]
[SourceQuality "1"]

{[%evp 19,115,20,14,-3,3,-20,0,0,0,0,0,-10,0,0,0,0,0,0,0,-15,-16,-8,0,0,27,-2,0,0,0,0,20,10,23,0,0,0,0,0,0,0,1,2,9,4,16,9,9,9,15,4,8,8,8,8,8,13,11,8,23,14,29,0,18,0,25,16,16,15,83,85,85,85,93,80,141,145,146,93,111,101,177,96,112,56,56,56,229,166,152,229,219,204,111,70,71,58,207,172]} 1. Nf3 Nf6 2. b3 g6 3. Bb2 Bg7 4. g3 b6 5. Bg2 Bb7 6. O-O O-O 7. c4 c5 8. d3 d5 9. cxd5 {A30: Symmetrical English: Double Fianchetto and Hedgehog} Nxd5 (9... Qxd5 10. Nc3 Qd7 11. d4 cxd4 12. Qxd4 Qxd4 13. Nxd4 Bxg2 14. Kxg2 Rc8 15. Rfd1 Nc6 16. Nxc6 Rxc6 {½-½ (36) Kamsky,G (2676)-Moussard,J (2567) Bastia 2017}) 10. Bxg7 Kxg7 {LiveBook: 3 Games} 11. Qd2 {The position is equal.} e6 $146 ({Predecessor:} 11... Nc7 12. Rc1 Nc6 13. Rc4 h6 14. d4 Nxd4 15. Nxd4 Bxg2 16. Kxg2 cxd4 17. Rxd4 {½-½ (26) Gomes,M (2306)-Mohota,N (2262) Delhi 2016}) 12. Nc3 Nd7 13. Rfd1 Nxc3 14. Qxc3+ Qf6 15. Rac1 Rfd8 16. a3 Qxc3 17. Rxc3 Nf6 18. Rdc1 a5 19. Nd2 Bxg2 20. Kxg2 Rdb8 21. Rc4 Nd7 22. R4c3 Nf6 23. R3c2 Ra7 24. Nc4 Nd7 25. Nd6 a4 26. Rb1 axb3 27. Rxb3 Kf8 28. Rcb2 Ke7 29. Nc4 {[%cal Rc4b6]} Kd8 30. f4 ({Reject} 30. Nxb6 Rab7 $17) 30... Kc7 31. Kf3 f5 32. g4 Kc6 33. Rb5 Ra6 34. g5 h6 35. gxh6 Rh8 36. a4 Rxh6 37. a5 bxa5 38. Nxa5+ Kd6 39. Nc4+ Kc6 40. Na5+ Kd6 41. Nc4+ Kc6 42. Ra5 Rxa5 43. Nxa5+ $11 {[%mdl 4096] Endgame KRN-KRN} Kd6 (43... Kd5 $11) 44. Nc4+ $16 Kc7 {[#]} 45. Kg3 $1 Rh8 46. Ra2 {And now Ra7+ would win.} Re8 (46... Kb7 $142) 47. Ra7+ Kc6 48. Ra6+ (48. h4 $142) 48... Kc7 49. e3 Re7 (49... Kb7 $16 {is a better defense.} 50. Rd6 Kc7) 50. Ra8 ({White should play} 50. Kh4 $18) 50... e5 {[#]} 51. fxe5 (51. Ra7+ $1 $16 Kb8 52. Ra6) 51... Kb7 $14 52. Ra5 g5 $2 (52... Nxe5 $14 53. Nxe5 (53. Rxc5 Nxc4 54. Rxc4 Rxe3+ 55. Kf4 Rxd3 $11) 53... Rxe5) 53. d4 {Strongly threatening Nd6+.} f4+ 54. exf4 gxf4+ 55. Kxf4 {Hoping for d5.} cxd4 56. Ke4 {Threatens to win with Kd5.} Rh7 57. Ra2 {Nd6+ is the strong threat.} Rh4+ (57... Kc6 $14) 58. Kd5 {Precision: White = 45%, Black = 45%.} 1-0

[Event "18th Prague Open-A 2019"]
[Site "Prague"]
[Date "2019.01.15"]
[Round "6"]
[White "Gschnitzer, Adrian"]
[Black "Ludvik, Tomas"]
[Result "1-0"]
[WhiteElo "2368"]
[BlackElo "2089"]
[Annotator "TA"]
[PlyCount "57"]
[EventDate "2019.01.11"]
[EventType "swiss"]
[EventCountry "CZE"]
[SourceTitle "playchess.com"]
[Source "ChessBase"]
[SourceQuality "1"]

{[%evp 22,56,44,43,58,39,41,31,57,43,66,0,-24,-190,-234,-198,-102,-55,0,-8,-7,-49,-13,-16,-18,-39,-11,-10,-10,-4,-10,-145,-131,-125,165,161,29999]} 1. e4 c5 2. Nf3 d6 3. d4 cxd4 4. Nxd4 Nf6 5. Nc3 a6 6. Bg5 e6 7. f4 Qc7 8. Bxf6 gxf6 9. Be2 Nc6 {B96: Sicilian Najdorf: 6 Bg5 e6 7 f4, lines other than 7...Qb6 and 7...Be7} 10. Qd3 Be7 (10... Nxd4 11. Qxd4 Qc5 12. Qd3 Bd7 13. O-O-O Rc8 14. Kb1 b5 15. a3 h5 16. f5 b4 17. axb4 Qxb4 18. fxe6 fxe6 {1-0 (35) Sutovsky,E (2650)-Najer,E (2679) Poikovsky 2017}) 11. O-O-O Nxd4 12. Qxd4 {LiveBook: 7 Games} h5 $146 ({Predecessor:} 12... Bd7 13. Bh5 Rc8 14. f5 O-O 15. Qd2 Qc5 16. Qh6 Bb5 17. Rhe1 {1-0 (32) Van der Wiel,J (2424)-Overeem,M (2159) Leiden 2014}) 13. f5 Bd7 14. Qd3 b5 {[%cal Bb7b5,Bb5b4][%mdl 32]} 15. a3 Qc5 16. Qh3 (16. e5 $14) 16... a5 $11 17. Bxh5 $2 {[#]} (17. fxe6 $11 {and White is okay.} fxe6 18. e5) 17... b4 $1 $19 {[%cal Rb4c3]} 18. Nb1 {Black should prevent fxe6.} Qe5 ({Better is} 18... exf5 $19 {White must now prevent ...Ba4.} 19. c3 Qe5) 19. g4 Rb8 20. axb4 Kf8 21. Rhf1 Rxb4 22. Nc3 a4 23. Qf3 a3 24. bxa3 Rc4 25. Rd3 d5 26. exd5 (26. Qg3 $1 $11 {was the only way to keep the balance.}) 26... Bxa3+ $17 27. Kd1 {fxe6 is the strong threat.} exd5 $2 {[%mdl 8192]} (27... exf5 $17 {and life is bright.} 28. d6 fxg4) 28. Qxd5 $18 {[%csl Gh5][%cal Rd5f7][%mdl 64] [#] Double Attack} Rxc3 $2 (28... Qxd5 $18 29. Nxd5 {[%mdl 64] Discovered Attack} Bb5) 29. Qxf7# {Accuracy: White = 34%, Black = 34%.} 1-0

[Event "18th Prague Open-A 2019"]
[Site "Prague"]
[Date "2019.01.15"]
[Round "6"]
[White "Liu, Zhaoqi"]
[Black "Kacharava, Nikolozi"]
[Result "0-1"]
[WhiteElo "2300"]
[BlackElo "2397"]
[Annotator "TA"]
[PlyCount "174"]
[EventDate "2019.01.11"]
[EventType "swiss"]
[EventCountry "CZE"]
[SourceTitle "playchess.com"]
[Source "ChessBase"]
[SourceQuality "1"]

{[%evp 17,174,0,1,-31,0,-10,-6,-6,-6,-9,-10,-7,-7,-6,-6,-8,0,0,6,0,14,13,14,0,16,12,16,8,12,-8,0,-11,-20,-44,-22,-37,-47,-50,-50,-57,-43,-39,-38,-27,-14,-30,0,-18,-14,-17,-17,-14,-18,-24,-15,-25,0,0,0,0,0,-14,0,0,0,0,0,-15,-22,-24,-25,-12,0,0,0,-8,0,0,0,0,0,0,0,0,0,0,0,0,0,0,0,0,0,-12,-15,-17,-20,-75,-75,-131,-41,-128,-100,-100,-100,-408,-408,-408,-406,-394,0,-195,0,-378,-347,-347,-325,-273,-248,-953,-953,-953,-953,-953,-953,-953,-953,-953,-950,-884,-877,-916,-907,-831,0,-495,0,-806,-750,-1064,-1037,-2108,-1969,-1005,-750,-29974,-29975,-29976,-29977,-29977,-29977,-29976,-29976,-29985,-29981,-29991,-29992,-29992,-29993]} 1. c4 e5 2. Nc3 Nc6 3. g3 g6 4. Bg2 Bg7 5. Nf3 d6 6. d3 Nf6 7. O-O O-O 8. Rb1 a5 9. a3 Re8 {LiveBook: 262 Games} 10. Bd2 {A26: English Opening vs King's Indian with ...Nc6 and d3} (10. Nd2 Be6 11. Nd5 Qd7 12. Nxf6+ Bxf6 13. Ne4 Bg7 14. Bh6 Bh3 15. Bxg7 Kxg7 16. e3 Bxg2 17. Kxg2 a4 18. Nc3 Nd8 {0-1 (65) Iturrizaga Bonelli,E (2650)-Mamedyarov,S (2804) chess.com INT 2018}) 10... Nd4 (10... e4 $5 {[%cal Re4f3]} 11. dxe4 Nxe4 $11) 11. b4 $146 ({Predecessor:} 11. Ne1 c6 12. b4 axb4 13. axb4 Be6 14. e3 Nf5 15. Nf3 Bd7 16. Qb3 h6 {0-1 (47) Raicevic,M (2348)-Pavlovic,N (2335) Vrnjacka Banja 2006}) 11... axb4 12. axb4 {The position is equal.} Bg4 13. e3 Nxf3+ 14. Bxf3 Bxf3 15. Qxf3 c6 16. e4 Qd7 17. Ra1 h5 18. h4 Qe6 19. Kg2 Nd7 20. Qe2 Kh7 21. Be3 Rf8 22. b5 Bh6 23. Bxh6 Kxh6 24. Qe3+ Kg7 25. bxc6 bxc6 26. Ne2 Rfb8 27. Rxa8 Rxa8 28. Rd1 Ra3 29. Qc1 Ra2 30. Rd2 Ra8 31. Qc3 Nf6 32. f3 d5 33. cxd5 cxd5 34. Rc2 d4 35. Qc7 Ra3 36. Nc1 Ne8 37. Qb8 Nf6 38. Qd8 Qd7 39. Qb8 Ra5 40. Rc7 Rb5 (40... Qa4 {feels hotter.} 41. Qb3 Qe8 42. Kf2 Ra8 43. Qb7 Ra1) 41. Rxd7 Rxb8 $11 {[%mdl 4096] Endgame KRN-KRN} 42. Re7 Rb2+ 43. Kf1 Rb1 44. Rc7 Ne8 45. Rc5 Nd6 46. Ke1 Nb5 47. Kd2 f6 48. Ne2 Rb2+ 49. Rc2 Rb3 50. Rc6 Rb2+ 51. Rc2 Rb1 52. Rc1 Rb4 53. Rc6 Na3 54. Rc7+ Kf8 55. Ra7 Rb2+ 56. Kd1 $1 Nb1 {White must now prevent ...Rd2+.} 57. Ke1 (57. Ra1 $11 {remains equal.}) 57... Nd2 $17 58. Kf2 {[#]} (58. Ra8+ $142 Kg7 59. Ra7+ Kg8 60. Ra8+ Kg7 61. Ra7+ Kh6 62. Ng1) 58... Rb3 (58... Nb3 $1 $17 {[%cal Rb3c1] And now ...Nc1 would win.} 59. Ra8+ Kg7 60. Ra7+ Kh6) 59. Nc1 (59. Ng1 $15) 59... Rc3 60. Ke2 Nxe4 61. fxe4 $2 {[%mdl 8192]} (61. Ra8+ $17 Kf7 62. Ra7+ Kf8 63. Ra8+ Kf7 64. Ra7+ Kg8 65. Ra8+ Kh7 66. Ra7+ Kh8 67. Ra8+ Kg7 68. Ra7+ Kg8 69. Ra8+ Kg7 70. Ra7+ Kf8) 61... Rxc1 {KR-KR} 62. Ra6 Kg7 63. Ra7+ Kf8 (63... Kh6 $142 64. Ra2 Rh1) 64. Ra6 $19 {[#]} Kg7 $2 (64... Kf7 $1 65. Ra2 Rg1) 65. Ra7+ Kh6 66. Ra6 Rc2+ 67. Kf3 Rd2 68. Ra3 $2 (68. Rxf6 Rxd3+ 69. Kf2) 68... g5 69. hxg5+ Kxg5 70. Rb3 Kg6 71. Ra3 Kf7 72. Ra7+ Ke6 73. Ra6+ Ke7 74. Ra3 Kd6 75. Ra6+ Ke7 $2 ({Black should try} 75... Kc5 $19 76. Rxf6 Rxd3+ 77. Kf2 Re3) 76. Ra7+ $2 {[%mdl 8192]} (76. Ra3 $1 $11 Kd6 77. Ra6+ Kc5 78. Rxf6 Rxd3+ 79. Kg2) 76... Kd6 (76... Ke8 $142 77. Ra3 Kd7) 77. Ra6+ Kc5 78. Rxf6 Rxd3+ 79. Kf2 Re3 80. Rf5 Rxe4 81. Rxh5 d3 {Black mates.} 82. g4 Kd4 83. g5 d2 84. Rh1 Kd3 85. g6 Rg4 86. Rh8 d1=Q {[%csl Gd3][%cal Rd1e2]} 87. Rd8+ Rd4 {Accuracy: White = 41%, Black = 59%.} 0-1

[Event "18th Prague Open-A 2019"]
[Site "Prague"]
[Date "2019.01.15"]
[Round "6"]
[White "Gomes, Mary Ann"]
[Black "Liu, Guanchu"]
[Result "1/2-1/2"]
[WhiteElo "2296"]
[BlackElo "2425"]
[Annotator "TA"]
[PlyCount "58"]
[EventDate "2019.01.11"]
[EventType "swiss"]
[EventCountry "CZE"]
[SourceTitle "playchess.com"]
[Source "ChessBase"]
[SourceQuality "1"]

{[%evp 27,58,42,49,10,0,-12,-1,-14,-4,-16,8,8,10,0,13,16,24,20,14,5,14,7,7,0,6,0,0,0,6,6,6,0,0]} 1. Nf3 e6 2. c4 Nf6 3. g3 b6 4. Bg2 Bb7 5. O-O Be7 6. b3 O-O 7. Bb2 c5 8. e3 d5 9. Qe2 Nc6 10. d3 Qc7 11. Nc3 Rad8 12. Rfd1 Qb8 13. cxd5 {A14: English Opening: 1...e6 with b3 by White} (13. d4 dxc4 14. bxc4 Na5 15. Rac1 cxd4 16. exd4 Rc8 17. d5 Nxc4 18. dxe6 Nxb2 19. Qxb2 fxe6 20. Qe2 Bc5 {½-½ (42) Matlakov,M (2676)-Gordievsky,D (2455) St Petersburg 2013}) 13... exd5 14. d4 Rfe8 {LiveBook: 3 Games} 15. Qc2 $146 {White is slightly better.} (15. Ne5 $5) ({Predecessor:} 15. Ne5 Nb4 16. a3 Na6 17. Nb5 Bf8 18. Rac1 Ne4 19. Nd3 Bc6 20. Ne5 Bb7 {½-½ (64) Darini,P (2263)-Matlakov,M (2490) Vung Tau 2008}) 15... cxd4 16. Nxd4 Nxd4 17. exd4 Bb4 18. a3 Bxc3 19. Bxc3 {[%cal Bb2c3,Bc3d2,Bd2f4][%mdl 32]} Ne4 20. Bd2 Ba6 21. Bf4 Qb7 22. Rac1 Rc8 {The position is equal.} 23. Qb2 h6 24. Bh3 Rxc1 25. Rxc1 Ng5 26. Bxg5 hxg5 27. Bg2 Qd7 28. h3 Qf5 29. Qc3 Rc8 {Accuracy: White = 55%, Black = 51%.} 1/2-1/2

[Event "18th Prague Open-A 2019"]
[Site "Prague"]
[Date "2019.01.15"]
[Round "6"]
[White "Chkhaidze, Nikoloz"]
[Black "Chudinovskikh, Alexander M"]
[Result "0-1"]
[WhiteElo "2290"]
[BlackElo "2184"]
[Annotator "TA"]
[PlyCount "78"]
[EventDate "2019.01.11"]
[EventType "swiss"]
[EventCountry "CZE"]
[SourceTitle "playchess.com"]
[Source "ChessBase"]
[SourceQuality "1"]

{[%evp 17,78,0,18,12,32,30,37,37,129,62,64,58,72,91,111,18,12,20,21,16,18,27,21,-27,0,-60,-52,-68,-44,-148,-157,-150,-145,-202,-196,-279,-218,-202,-206,-312,-117,-235,-225,-337,-338,-328,-334,-364,-355,-316,-252,-245,-259,-934,-852,-940,-908,-1187,-1151,-2337,-2207,-29988,-29989]} 1. d4 Nf6 2. c4 e6 3. Nc3 Bb4 4. Bd2 d5 5. e3 O-O 6. Nf3 b6 7. cxd5 exd5 8. Rc1 {E51: Nimzo-Indian: Rubinstein: 4...0-0 5 Nf3 d5} a6 (8... Be7 9. Bd3 Bb7 10. O-O c5 11. dxc5 bxc5 12. Re1 Nc6 13. Bb1 Re8 14. e4 dxe4 15. Nxe4 Nd4 {½-½ (54) Vitiugov,N (2730)-Inarkiev,E (2690) Satka 2018}) 9. Bd3 Re8 {LiveBook: 4 Games} 10. Ne5 {The position is equal.} c5 $146 ({Predecessor:} 10... Bb7 11. O-O Bd6 12. f4 c5 13. Be1 Nbd7 14. Bh4 Nf8 {½-½ (38) Ivanov,J (2435)-Maiorov,N (2525) San Sebastian 2009}) 11. O-O c4 12. Bb1 Bd6 {[#]} (12... b5 $14) 13. f4 (13. e4 $1 $16) 13... b5 $14 14. Qf3 Ra7 15. a3 Rc7 16. e4 (16. g4 $16) 16... dxe4 $11 17. Nxe4 Nxe4 18. Qxe4 f5 19. Qe3 Nc6 20. Kh1 Bf8 21. Qh3 ({White should try} 21. Rcd1 $11) 21... Nxe5 $15 ({Much weaker is} 21... Nxd4 $6 22. Rcd1 $11) 22. fxe5 {aiming for Ba5.} Qxd4 {[%mdl 64] Double Attack} 23. Ba5 (23. Bc3 $15 Qg4 24. Bxf5 Bxf5 25. Rxf5 Qxh3 26. gxh3) 23... Rf7 $17 24. Bc3 Qd7 25. Rf4 (25. Rcd1 $17 {was necessary.} Qe6 26. Bc2) 25... g6 $19 26. Rcf1 (26. Rd4 {was worth a try.} Qe6 27. Re1) 26... Bb7 27. Qg3 {Strongly threatening Bxf5.} Bg7 28. h4 (28. R4f2 $142) 28... Qe6 $2 (28... Rxe5 $19 {and Black stays clearly on top.} 29. h5 Re2) 29. Re1 (29. h5 $17 {only move.}) 29... Bh6 30. Rd1 (30. Rd4 $142 f4 31. Qf2) 30... Bxf4 31. Qxf4 {Black should prevent Rd6.} Rd7 32. Re1 Red8 33. Bc2 Rf8 34. Kh2 {[#]} h6 $1 {[%cal Bh7h6,Bh6g5,Bg5g4][%mdl 32]} 35. Re3 $2 {[#]} (35. Rf1) (35. Qxh6 Rh7) 35... g5 $1 36. Rg3 (36. hxg5 hxg5) 36... Rg7 37. hxg5 hxg5 38. Qf2 f4 39. Rf3 g4 {Accuracy: White = 21%, Black = 59%.} 0-1

[Event "18th Prague Open-A 2019"]
[Site "Prague"]
[Date "2019.01.15"]
[Round "6"]
[White "Ajay Krishna, S."]
[Black "Krivonosov, Oleg"]
[Result "1-0"]
[WhiteElo "2289"]
[BlackElo "2390"]
[Annotator "TA"]
[PlyCount "89"]
[EventDate "2019.01.11"]
[EventType "swiss"]
[EventCountry "CZE"]
[SourceTitle "playchess.com"]
[Source "ChessBase"]
[SourceQuality "1"]

{[%evp 15,89,-1,5,-8,-5,-27,-14,-20,13,9,5,0,0,0,0,-8,24,25,58,51,52,52,52,52,47,47,47,47,48,48,50,51,48,51,46,20,21,0,39,29,51,45,41,33,47,40,51,33,40,33,51,40,40,40,47,33,68,68,68,33,33,34,45,0,24,36,883,869,870,852,837,845,838,442,831,831]} 1. Nf3 Nf6 2. c4 e6 3. g3 d5 4. Bg2 Be7 5. O-O O-O 6. b3 c5 7. e3 Nc6 8. Bb2 b6 {LiveBook: 830 Games} 9. Re1 {A14: English Opening: 1...e6 with b3 by White} (9. Nc3 Bb7 10. cxd5 Nxd5 11. Nxd5 Qxd5 12. d4 Qf5 13. Ne5 Nxe5 14. Bxb7 Rad8 15. Qe2 Qd3 16. Rae1 Qxe2 17. Rxe2 Nd3 18. Ba1 cxd4 19. Bxd4 Bf6 20. Bxf6 gxf6 {1-0 (99) So,W (2788)-Dominguez Perez,L (2739) Saint Louis 2017}) 9... Bb7 10. a3 Qd7 $146 ({Predecessor:} 10... Rc8 11. d3 dxc4 12. bxc4 Qc7 13. Nc3 Rfd8 14. Qc2 Qb8 15. Rad1 Qa8 16. Qe2 Nd7 17. Ne4 Na5 18. Ned2 {½-½ (18) Gaurav,R (1705)-Pimpalkhare,V (1885) Panchavati 2016}) 11. d4 {The position is equal.} cxd4 12. exd4 Rfd8 13. Nbd2 Rac8 14. Rc1 Qe8 15. c5 Nb8 {[%cal Rb6c5]} 16. b4 Ne4 17. Ne5 Nc6 {With the idea ...Nxe5.} 18. Nxe4 {[#] Nxc6 is the strong threat.} Nxe5 19. Nf6+ Bxf6 20. dxe5 Bg5 21. f4 Be7 {[%cal Rb6c5]} 22. cxb6 $1 axb6 23. Qd4 b5 24. Qb6 Bc6 25. Bd4 Bd7 26. Bb2 Rb8 27. Qf2 Rdc8 28. Bf1 h6 29. Bd3 Rxc1 30. Rxc1 Rc8 31. Qd2 Qd8 32. Bd4 Rxc1+ 33. Qxc1 f5 34. Kf2 g5 35. Ke2 gxf4 36. gxf4 Kf7 37. Kd2 Qg8 38. Qc7 Qg2+ 39. Kc3 (39. Be2 $5 {[%cal Rc7d7]} Ke8 40. Qb8+ Kf7 41. Qb7 $11) 39... Qa2 40. Qxd7 {[#] Threatens to win with Bc5.} Qa1+ $2 {[%mdl 8192]} (40... Qxa3+ $14 41. Kd2 Qxb4+ 42. Ke3 Qe1+ 43. Be2 Qc1+ 44. Kf3 Qh1+ {[%mdl 64] Double Attack} 45. Kf2 Kf8) 41. Kc2 $18 {White is clearly winning.} Qxd4 42. Bxb5 Qf2+ 43. Kb3 Qh4 44. Qe8+ Kg7 45. Bd7 {Accuracy: White = 63%, Black = 44%.} 1-0

[Event "18th Prague Open-A 2019"]
[Site "Prague"]
[Date "2019.01.15"]
[Round "6"]
[White "Olsarova, Karolina"]
[Black "Xiang, Zeyu"]
[Result "0-1"]
[WhiteElo "2263"]
[BlackElo "2440"]
[Annotator "TA"]
[PlyCount "126"]
[EventDate "2019.01.11"]
[EventType "swiss"]
[EventCountry "CZE"]
[SourceTitle "playchess.com"]
[Source "ChessBase"]
[SourceQuality "1"]

{[%evp 19,126,1,2,0,0,5,7,7,8,3,10,10,12,12,12,5,20,3,2,2,2,0,0,-1,0,-18,7,0,0,-10,5,7,17,-30,-41,-34,-20,-30,-16,-18,-21,-28,-21,-32,-22,-20,-12,-13,-16,-41,-41,-41,-8,-9,-8,-8,-8,-8,0,-8,0,-41,-41,-129,-135,-135,-120,-126,-164,-150,-134,-162,-91,-91,-94,-95,-97,-97,-93,-85,-87,-87,-105,-109,-100,-279,-328,-312,-316,-291,-280,-272,-255,-418,-424,-415,-414,-372,-385,-1851,-1832,-29956,-29957,-29956,-29957,-6112,-6095,-4134,-4133]} 1. d4 d5 2. Bf4 c5 3. e3 Nc6 4. c3 cxd4 5. exd4 Bf5 (5... Nf6 6. Bd3 Bg4 7. Qb3 Qc8 8. Nd2 e6 9. Ngf3 Bh5 10. O-O Be7 11. Rae1 a6 12. Qc2 Bg6 13. Ne5 Nxd4 14. Qa4+ Nc6 15. Nxg6 hxg6 16. Nf3 b5 17. Qd1 Qd7 18. a4 bxa4 19. Qxa4 {1-0 (84) Nakamura,H (2780)-Topalov,V (2749) Saint Louis 2017}) 6. Nf3 {B13: Caro-Kann: Exchange Variation and Panov-Botvinnik Attack} e6 7. Nbd2 Bd6 8. Bxd6 Qxd6 9. Be2 h6 10. O-O Nf6 {LiveBook: 8 Games} 11. Re1 O-O 12. Bf1 Ne4 13. Nxe4 Bxe4 14. Nd2 $146 Bf5 15. Nb3 Qc7 16. Nc1 Na5 17. Bd3 Qf4 18. Qc2 Bxd3 19. Nxd3 Qf5 20. Qe2 Nc4 21. Rad1 Rfe8 22. Qf1 Re7 23. Re2 Rc8 24. Ne5 Nxe5 25. Rxe5 Qc2 26. Qe2 (26. Re2 {feels hotter.} Qa4 27. a3 b5 28. f4 a5 29. f5) 26... Qxe2 27. Rxe2 $11 {[%mdl 4096] Endgame KRR-KRR} b5 28. a3 g5 29. Re3 a5 30. Kf1 Rb7 31. Ke2 Kg7 32. Rg3 f5 33. h4 g4 34. f3 h5 {Threatens to win with ...f4.} 35. f4 Rbc7 36. Kd2 {[#]} b4 $1 {[%mdl 512]} 37. axb4 axb4 38. Ra1 Rb8 39. Ra2 Rcb7 40. Kc1 Kf6 41. Kb1 ({Better is} 41. Re3 $15) 41... bxc3 $17 42. Rxc3 Rb4 43. Rd3 {[#]} g3 $1 {[%mdl 512]} 44. Kc2 (44. Rxg3 Rxd4) 44... Rg8 45. Ra6 {[#]} Rb7 (45... Rc4+ $1 $19 46. Kb1 Rcc8) 46. Re3 Re7 47. Ra1 Rg4 48. Rf1 Rxh4 49. Rxg3 Rg4 50. Rxg4 fxg4 {KR-KR} 51. b4 Kf5 {Strongly threatening ...h4.} 52. Kd3 $2 (52. Kb3 $17 {was the only chance.}) 52... h4 $19 53. Ke3 Ra7 54. Rb1 {If White can now play b5 this consolidates a bit.} Ra3+ 55. Kf2 Ra2+ ({But not} 55... Kxf4 56. b5 $17) 56. Kf1 $2 (56. Kg1) 56... Ra6 57. b5 Rb6 58. Ke2 Kxf4 59. Kd3 $2 (59. Rb3) 59... Kg3 60. Rb2 h3 61. gxh3 gxh3 62. Kc3 h2 63. Rb1 {[#]} Rxb5 $1 {[%mdl 512] Precision: White = 39%, Black = 66%.} 0-1

[Event "18th Prague Open-A 2019"]
[Site "Prague"]
[Date "2019.01.15"]
[Round "6"]
[White "Kozak, Antoni"]
[Black "Naumkin, Igor"]
[Result "1-0"]
[WhiteElo "2236"]
[BlackElo "2418"]
[Annotator "TA"]
[PlyCount "75"]
[EventDate "2019.01.11"]
[EventType "swiss"]
[EventCountry "CZE"]
[SourceTitle "playchess.com"]
[Source "ChessBase"]
[SourceQuality "1"]

{[%evp 22,75,13,18,26,32,35,14,29,16,40,22,29,23,18,-33,-34,-57,18,14,11,12,112,113,122,102,108,114,113,101,164,167,164,135,283,278,268,185,471,489,478,465,765,748,727,704,1026,1022,921,912,863,853,1133,1120,1234,1233]} 1. d4 Nf6 2. Nf3 e6 3. c4 b6 4. g3 Bb7 5. Bg2 Be7 6. O-O O-O 7. Re1 d5 8. cxd5 exd5 9. Nc3 Na6 10. Bf4 c5 11. dxc5 Nxc5 12. Rc1 {LiveBook: 62 Games} a5 {E17: Queen's Indian: 4 g3 Bb7 5 Bg2 Be7} 13. Bh3 Nfe4 14. Be5 {[#]} f5 $146 {The position is equal.} ({Predecessor:} 14... Bc8 15. Bxc8 Nxc3 16. Rxc3 Rxc8 17. Qd4 f6 18. Bf4 Qd7 19. Rec1 Rfd8 20. Be3 {½-½ (46) Bacrot,E (2705)-Kryvoruchko,Y (2679) Germany 2012}) 15. Nd4 g6 16. Ndb5 Rc8 17. a3 Qd7 18. b4 (18. e3 $11) 18... axb4 19. axb4 Nxc3 (19... Ne6 $15) 20. Nxc3 $11 Ne6 {[#] aiming for ...d4.} 21. Bg2 {[%cal Rc3d5]} Rcd8 (21... Bxb4 $11 {keeps the balance.} 22. Bxd5 Rc5 23. Bxb7 Qxb7) 22. Qb3 $16 {Threatens to win with Red1.} Bf6 23. Bxf6 Rxf6 24. e3 Kg7 25. Ra1 Bc6 (25... Qf7 $16) 26. b5 $18 Bb7 {Black wants to play ...d4.} 27. Red1 {[%cal Rg2d5]} d4 (27... Nc5 $16 28. Qb2 Qe6) 28. Ra7 Nc5 29. Qc4 Rd6 $2 (29... Qf7 30. Rxd4 Qxc4 31. Rxc4 Rf7 32. Rxc5 bxc5) 30. Rxd4 {White is clearly winning.} Rxd4 31. exd4 Ne4 (31... Qxd4 $142 32. Bxb7 (32. Qxd4+ Rxd4 33. Rxb7+ Nxb7 $16) 32... Qxc4 33. Bd5+ {[%mdl 64] Discovered Attack} Kf6 34. Bxc4 Ke5) 32. Nxe4 fxe4 {[#]} 33. Bxe4 $1 {[%mdl 512]} Bxe4 34. Rxd7+ Rxd7 {KQ-KRB} 35. Qe6 {[%mdl 64] Double Attack} Bf5 36. Qxb6 Re7 37. f3 Bh3 38. Kf2 {Accuracy: White = 57%, Black = 18%.} 1-0